Statistiques concernant X-Mens

Cliquez ici pour prendre le quiz!

Statistiques générales

  • Ce quiz a été pris 202 fois
  • Le résultat moyen est 17 sur 47

Statistiques - réponses

HintRéponse% Correct
Il a un rêve.Professeur X
96%
Son meilleur ennemi.Magneto
95%
The Old ManWolverine
93%
Diable chrétien mort puis revenu du paradisDiablo
81%
Créature mythologiqueCyclope
79%
Vouée à finir en oiseau incontrôlableJean Grey
75%
Sa mère (sacrée histoire)Mystique
75%
Passée d'adoubée en déesse à respectée par ses élèvesTornade
74%
Animal et animé (par la science)Le Fauve
71%
Joueur de Poker explosifGambit
64%
Tient une partie de ses pouvoirs de Carol DanversMalicia
64%
Grand blond volant à double personnalitéAngel
63%
Russe au grand cœurColossus
62%
Grand blagueur qui se cherche toujours en amourIceberg
52%
Sorcière mutante des plus puissants, mais au mental fragileLa Sorcière Rouge
39%
Vieux mais fils de Scott SummersCable
36%
D'un côté, Japonaise de violet vêtue, de l'autre, sœur de Captain BritainPsylocke
35%
Les murs sont des portes pour elleShadowcat
35%
Du mercure. Tout bonnement.Vif-Argent
35%
Irlandais bruyantLe Hurleur
32%
Mutant marqué par le futurBishop
28%
Grande chanceuseDomino
28%
Ancienne membre du club des DamnésEmma Frost
27%
Frère Summers HawaïenHavoc
24%
Fan favorite à la personnalité pétillanteJubilee
24%
Fille Eisenhardt aux cheveux vertsPolaris
23%
Fils extrêmement puissant du professeurLegion
21%
Mutant inventeurForge
19%
Sorcière des LimbesMagik
19%
Footballeur brésilien très solaireSolar
19%
Mutante félineFélina
18%
Reine du discoDazzler
17%
Homme canon des Nouveaux MutantsRocket
17%
Second amérindien baraquéWarpath
17%
Clone apparue pour la première fois dans X-Men : Evolution.X-23
15%
2 en 1. Plutôt 1 en 2, ou plus...L'Homme-Multiple
14%
Mutant adaptatoïdeDarwin
13%
Japonais fougueux et revanchardSunfire
12%
Téléportation, cheveux violets et yeux vertsBlink
11%
Frère Summers le plus cosmique des troisVulcain
11%
Amérindien baraquéThunderbird
10%
Copieur de pouvoirsMimic
9%
Des Nouveaux Mutants, peut posséder les gensKarma
6%
Mutant malformé à l'œil brillantLongshot
5%
Morlock dotée d'excroissance des années 90Marrow
5%
Morlock d'X-Men EvolutionSpyke
5%
Peut te faire voir ton plus grand rêve comme ton pire cauchemarPsyche
3%

Distribution des résultats

Percentile par nombre de réponses

% des personnes avec chaque résultat

Votre développement - résultats

Vous n’avez pas pris ce quiz